• 首页
  • 本馆介绍
  • 公告通知
  • 最新文献
  • 馆藏检索
  • 电子资源
  • 读者导购
  • 参考咨询
  • 我的图书馆
  • 登录
  • 详细信息显示
  • 放入我的书架
  • 预约/预借图书
  • 作者相关作品
  • 分类相关作品
  • 丛书相关作品
  • 出版社相关作品

书目信息

  • 表格格式
  • 工作单格式
  • 卡片格式
题名:
社会主义活动家代表著作介绍
    
 
作者: 赵邨方 主编
分册:  
出版信息: 长春   吉林人民出版社  1983
页数: 260页
开本: 19cm
丛书名:
单 册:
中图分类: D05-06
科图分类:
主题词: 政党--理论--学派--学说--学术思想
电子资源:
ISBN:
000 00679nam0 2200229 45
001 0183005476
005 20060911150932.65
010    @dCNY0.68
091    @a3091.480
100    @a19950517d1983 emky0chiy0121 ea
101 0  @achi
102    @aCN@b220000
105    @ay z 000yy
200 10 @a社会主义活动家代表著作介绍@Ashe hui zhu yi huo dong jia dai biao zhu zuo jie shao@f赵邨方主编@FZhao Cun Fang Zhu Bian
210    @a长春@c吉林人民出版社@d1983
215    @a260页@d19cm
606 0  @a政党@x理论@x学派@x学说@x学术思想
690    @aD05-06@v3
701  0 @a赵邨方@4主编
801  0 @aCN@b上海图书馆@c20060911
801  2 @aCN@bNLC@c20060816
905    @dD05-06@e3@f1@b168854
    
    社会主义活动家代表著作介绍/赵邨方主编.-长春:吉林人民出版社,1983
    260页;19cm
    
    
    ISBN :CNY0.68
    
●
相关链接 在E读中查询图书 在五车中查询图书 在当当中查询图书 在豆瓣中查询图书


正题名:社会主义活动家代表著作介绍     索取号:D05-06/3         预约/预借

序号 登录号 条形码 馆藏地/架位号 状态 备注
1 0168854   001986346   密集书库/ [索取号:D05-06/3] 在馆    
2 0168855   001025429   密集书库/ [索取号:D05-06/3] 在馆    
3 0168856   002051077   第一样本阅览室/ [索取号:D05-06/3] 在馆    
4 0218305   001020843   第一借阅区/ [索取号:D05-06/3] 在馆    
5 0218306   001020852   密集书库/ [索取号:D05-06/3] 在馆    
6 0218307   000383935   密集书库/ [索取号:D05-06/3] 在馆    
7 0218308   001020120   密集书库/ [索取号:D05-06/3] 在馆    
8 0218309   001020139   密集书库/ [索取号:D05-06/3] 在馆    
9 0465134   204651340   密集书库/ [索取号:D05-06/3] 在馆    
10 0472000   204720007   密集书库/ [索取号:D05-06/3] 在馆    
唐山师范学院图书馆 欢迎您!
大连网信软件有限公司© 版权所有